Capitales des états et territoires australien - Statistiques

Statistiques générales
  • Ce quiz a été pris 199 fois
  • Le résultat moyen est 7 sur 8
Statistiques - réponses
états ou térritoires Capitale % Correct
Nouvelle-Galles-du-Sud Sydney
100%
Territoire de la capitale Australienne Canberra
96%
Australie-Occidentale Perth
93%
Victoria Melbourne
91%
Queensland Brisbane
84%
Australie-Méridionale Adélaïde
82%
Territoire du Nord Darwin
77%
Tasmanie Hobart
65%
Aucun quiz correspondant
Distribution des résultats
% des personnes avec chaque résultat
Percentile par nombre de réponses
Votre historique - résultats
Vous n’avez pas pris ce quiz